Job satisfaction and its relation to labour productivity

Enregistré dans:
Détails bibliographiques
Auteur principal: Olexová, Cecília, 1976-
Format: Chapitre de livre
Langue:anglais
Tags: Ajouter un tag
Pas de tags, Soyez le premier à ajouter un tag!

MARC

LEADER 00000nla$a2200000$$$4500
001 0064753
005 20240502071748.4
041 0 |a eng 
044 |a SK 
245 1 0 |a Job satisfaction and its relation to labour productivity  |c Cecília Olexová 
100 1 |a Olexová, Cecília, 1976-